000 00278nam a2200121 a 4500
005 20141022142005.0
008 080922s19uu xx 00 eng d
050 _aVCD
_bF44 2000
245 _aFinding forrester.
650 _aVCD.
650 _aFinding fiddler.
942 _cAVM
999 _c276445
_d276445